000 00901nam a2200217Ia 4500
999 _c36842
_d36842
001 2789
003 GE_BSU
005 20190507161014.0
008 181216s2002||||ge |||||||||||||| ||geo||
020 _a9992886904
040 _cGE_BSU
041 _ageo
080 _a658(07) გ–65
100 _aგოლეთიანი,თენგიზ
_9901
245 _aსაწარმოს ეკონომიკა : ტესტებითა და ამოცანა-სავარჯიშოებით /
_cთენგიზ გოლეთიანი; რედ : ზ. ლიპარტია.
264 _aთბილისი .:
_bინტელექტი,
_c2002.
300 _a184 გვ .;
_c20სმ.
653 _aსაწარმოს ეკონომიკა.
700 _a ლიპარტია, ზ
_eრედაქტორი
_9902
942 _cBK
_2udc